Responses for Show #4541 - Monday, May 10, 2004

2004 Power Players Week game 1.
From Washington, D.C.

Contestants

[<< previous game]

Tucker Carlson, an author and co-host from Crossfire

Peggy Noonan, a contributing editor from The Wall Street Journal

Bob Woodward, an assistant managing editor from The Washington Post

[next game >>]

Jeopardy! Round responses

HISTORIC NICKNAMES
BIG, REALLY BIG!
POLITICAL MOVIES
THE 1990s
U.S. STATES
POINTS OF "LIGHT"
    $200 11
(Tucker: Who is George?)
(Alex: Give me a number.)
(Tucker: There was more than one?)
(Alex: Anybody else?)

George III

PeggyTucker
    $200 16
Union Station

Peggy
    $200 1
(Peggy: [No response])

All the President's Men

PeggyTucker
    $200 2
(Bob: Who are the San Francisco 49ers?)

the Denver Broncos

Bob
Triple Stumper
    $200 21
Louisiana

Bob
    $400 12
George Washington Carver

Tucker
    $400 17
(Alex: With a minute to go.)

Louisville Slugger

Bob
    $400 7
Mr. Smith Goes to Washington

Peggy
    $400 3
Newt Gingrich

Bob
    $400 22
[The end-of-round signal sounds.]

Louisiana

Tucker
    $600 13
the Lionhearted

Bob
    $600 18
an iceberg

Peggy
    $1,000 8
Primary Colors

Peggy
    $600 4
Bob Dole

Bob
    $800 14
Sam Houston

Peggy
    $800 19
the Hoover Dam

Peggy
    $800 9
Dave

Peggy
    $800 5
Rodney King

Bob
    $1000 15
Stephen Douglas

Tucker
    $1000 20
(Lord) Nelson's Column

Bob
    $1000 10
The American President

Peggy
    $1000 6
(Tucker: What is the EU?)

the opening of the "Chunnel" (the Channel tunnel)

Tucker
Triple Stumper

Scores at the first commercial break (after clue 10):

Bob Peggy Tucker
$1,600 $3,000 -$800

Scores at the end of the Jeopardy! Round:

Bob Peggy Tucker
$3,800 $5,600 $800

Double Jeopardy! Round responses

CROSSWORD CLUES "D"
CAPITOL THINKERS
MEET THE PARENTS
(Alex: We want you to name the parent company.)
YOU SHOULD BE IN A BALLET!
GROSS NATIONAL PRODUCTS
POTPOURRI
    $400 12
double

Tucker
    $400 1
Edward Kennedy

Bob
    $400 6
Viacom

Peggy
    $400 21
tutu

Tucker
    $400 13
Russia

Tucker
    $400 7
(Tucker: What is "America the Beautiful?")

"God Bless America"

PeggyTucker
    $800 27
[The end-of-round signal sounds.]
...
(Alex: Wait a minute, we're going to pause here, but let's not go away just yet... Bob, we've been waiting over 30 years for this: who is [*]? C'mon, you can make headlines once again on national television!)
(Bob: How much do I get if I answer?)
(Alex: An inconceivable amount of money!)
(Bob: He is an inconceivable person!)
(Alex: All right, well done!)

"Deep Throat"

Peggy
    $800 2
(Bob: Who is Senator Bob Byrd?)

Robert Byrd

Bob
    $800 18
Sony

Triple Stumper
    $800 22
Swan Lake

Peggy
    $800 14
Kenya

Tucker
    $800 8
the "rubber chicken" circuit

Tucker
    $1200 3
John McCain

Bob
    $1200 19
Time Warner

Bob
    $1,000 23
(Peggy: What is that Christmas ballet that we go to every year in December... it's not The Nutcracker?)
...
(Alex: And we have less than a minute now.)

Sleeping Beauty

Peggy
    $1200 15
Japan

Tucker
    $1200 9
the Nile

Tucker
    $1600 4
Bill Frist

Bob
    $1600 20
General Electric

Tucker
    $1600 24
(Alex: Peggy, you have to ring in.)
(Peggy: Hello, who is Baryshnikov?)

Spartacus

Peggy
Triple Stumper
    $1600 16
Iceland

Triple Stumper
    $1600 10
the Philippines

Tucker
    $2000 5
(Bob: Who is Senator Jeffords?)

Patrick Leahy

BobTucker
    $2000 26
Disney

Tucker
    $2000 25
Margot Fonteyn

Bob
    $2000 17
Scotland

Peggy
    $2000 11
(Bob: What is the U.S. Mint?)

the Bureau of Engraving (and Printing)

BobPeggy

Scores at the end of the Double Jeopardy! Round:

Bob Peggy Tucker
$7,000 $9,400 $12,800

[wagering suggestions for these scores]

Final Jeopardy! Round responses

THE PRESIDENCY
[Alex and audience react to reveal of Tucker's messy writing]
(Tucker: I promise it says, [**].)
(Alex: It does, our judges agree with you...)
BobWho the Chief Justice of the U.S.
$6,000
PeggyWho is the Chief Justice of the United States.
$9,000
TuckerWho is Senate Pro Chief Justice Supreme Ct.
$8,000
the Chief Justice of the United States (Chief Justice of the Supreme Court)

Final scores:

Bob Peggy Tucker
$13,000 $18,400 $20,800
3rd place: $20,000 to Sidwell Friends School 2nd place: $20,000 to the Sisters of Life Winner: $50,000 to the American Camping Association & Wawenock Scholarships

Game dynamics:

Coryat scores:

Bob Peggy Tucker
$7,000 $10,000 $12,800
13 R,
3 W
15 R
(including 1 DD),
3 W
(including 1 DD)
15 R,
3 W

Combined Coryat: $29,800

[game clues] [game scores] [suggest correction]

Game tape date: 2004-04-03
The J! Archive is created by fans, for fans. Scraping, republication, monetization, and malicious use prohibited; this site may use cookies and collect identifying information. See terms. The Jeopardy! game show and all elements thereof, including but not limited to copyright and trademark thereto, are the property of Jeopardy Productions, Inc. and are protected under law. This website is not affiliated with, sponsored by, or operated by Jeopardy Productions, Inc. Join the discussion at JBoard.tv.